| 000 | 01619cam a22004337a 4500 | ||
|---|---|---|---|
| 001 | 12786136 | ||
| 003 | OSt | ||
| 005 | 20240320101925.0 | ||
| 008 | 020523s2001 ilua bdr 001 0ceng | ||
| 010 | _a 2002282701 | ||
| 016 | 7 |
_a101136918 _2DNLM |
|
| 020 | _a1579583601 | ||
| 035 | _a(OCoLC)ocm48843283 | ||
| 040 |
_aNLM _cNLM _dKSU _dDLC |
||
| 042 | _alccopycat | ||
| 050 | 0 | 0 |
_aR149 _b.M366 2001 |
| 060 | 0 | 0 | _a2002 A-940 |
| 082 | 0 | 0 |
_aWB 141HUT2001 _221 |
| 245 | 0 | 0 |
_aHutchinson Trends in Science :Medicine and health science / _coverview by Jon Turney. |
| 260 |
_aChicago : _bFitzroy Dearborn Publishers, _c2001. |
||
| 300 |
_aviii, 275 p. : _bill. ; _c24 cm. |
||
| 440 | 0 |
_aHutchinson trends in science _916915 |
|
| 504 | _aIncludes bibliographical references (p. 119-130) and index. | ||
| 650 | 0 |
_aMedicine _xHistory _y20th century. _916916 |
|
| 650 | 0 |
_aMedicine _xResearch personnel _vBiography. _916917 |
|
| 650 | 0 |
_aMedicine _vDirectories. _916918 |
|
| 650 | 0 |
_aMedicine _vDictionaries. _916919 |
|
| 650 | 1 | 2 |
_aHealth Personnel _vBiography. _916920 |
| 650 | 2 | 2 |
_aHistory of Medicine, 20th Cent. _vBiography. _916921 |
| 650 | 2 | 2 |
_aResearch _vBiography. _916922 |
| 650 | 0 |
_aMedicine _xHistory _y20th century. _916916 |
|
| 650 | 0 |
_aMedicine _vBiography. _916923 |
|
| 650 | 0 |
_aMedical sciences. _93347 |
|
| 700 | 1 |
_aTurney, Jon. _916924 |
|
| 856 | 4 | 2 |
_3Publisher description _uhttp://www.loc.gov/catdir/enhancements/fy0653/2002282701-d.html |
| 906 |
_a7 _bcbc _ccopycat _d2 _encip _f20 _gy-gencatlg |
||
| 942 |
_2z _cO_SHELF |
||
| 999 |
_c8273 _d8273 |
||